[Event "Gibraltar Challengers op-A"]
[Site "Caleta"]
[Date "2020.01.22"]
[Round "3"]
[White "Skutta, Bernd"]
[Black "Lipecki, Alexander"]
[Result "0-1"]
[WhiteElo "1998"]
[BlackElo "2152"]
[PlyCount "100"]
[EventDate "2020.01.20"]
[EventType "swiss"]
[EventRounds "5"]
[EventCountry "GGB"]
[SourceTitle "CBM 194 Extra"]
[Source "ChessBase"]
[SourceDate "2020.03.31"]
[SourceVersion "1"]
[SourceVersionDate "2020.03.31"]
[SourceQuality "1"]

1. d4 d5 2. Bf4 Nf6 3. e3 e6 4. Nd2 Be7 5. h3 c5 6. dxc5 Bxc5 7. Ngf3 Nc6 8. Bb5 Qb6 9. c4 0-0 10. 0-0 a6 11. Bxc6 bxc6 12. Qc2 Be7 13. c5 Qxc5 14. Qxc5 Bxc5 15. Rfc1 Bb4 16. Rxc6 Bd7 17. Rc7 Rfc8 18. Rac1 Ne8 19. Rxc8 Rxc8 20. Rxc8 Bxc8 21. Nb3 f6 22. Bb8 e5 23. a3 Bf8 24. Kf1 Kf7 25. Na5 Ke6 26. b4 Nd6 27. Bxd6 Bxd6 28. Ke1 g5 29. g3 Bc7 30. Nb3 Kd6 31. h4 h6 32. hxg5 fxg5 33. Nfd2 Kc6 34. Nc5 a5 35. Nd3 axb4 36. Nxb4+ Kd6 37. f4 exf4 38. exf4 gxf4 39. gxf4 Ba5 40. Kf2 h5 41. Ke3 Bg4 42. Nf1 Bb6+ 43. Kd3 h4 44. Nh2 Bh5 45. Nc2 Bg1 46. Nf1 Be8 47. Nce3 Bb5+ 48. Kd2 d4 49. Nf5+ Kd5 50. Nxh4 Bxf1 0-1

[Event "GER CM04-C email"]
[Site "GER email"]
[Date "2017.06.26"]
[Round "?"]
[White "Claridge, John B"]
[Black "Lipecki, Alexander"]
[Result "1/2-1/2"]
[WhiteElo "2352"]
[BlackElo "2341"]
[PlyCount "81"]
[EventDate "2017.??.??"]
[EventType "tourn (corr)"]
[EventRounds "10"]
[EventCountry "GER"]
[SourceTitle "Corr 2020"]
[Source "ChessBase"]
[SourceDate "2019.09.30"]
[SourceVersion "1"]
[SourceVersionDate "2019.09.30"]
[SourceQuality "1"]

1. d4 d5 2. c4 c6 3. Nc3 Nf6 4. Nf3 a6 5. c5 Nbd7 6. Bf4 Nh5 7. Bd2 Nhf6 8. Bf4 Nh5 9. Bd2 Nhf6 10. Qc2 g6 11. g3 Bg7 12. Bg2 0-0 13. 0-0 Re8 14. Rad1 b5 15. Bg5 b4 16. Na4 Ra7 17. Rfe1 Ne4 18. Bf4 f6 19. Nd2 f5 20. Nf3 a5 21. a3 Ba6 22. Ne5 Nxe5 23. dxe5 g5 24. Be3 Bxe5 25. f3 Nxg3 26. hxg3 Bxg3 27. Qxf5 e5 28. Nb6 Rg7 29. axb4 Bxe1 30. Rxe1 d4 31. Bd2 g4 32. f4 e4 33. e3 Qh4 34. bxa5 Rf8 35. Qe6+ Kh8 36. Rc1 Re7 37. Qd6 Be2 38. Re1 Bf3 39. Qxd4+ Kg8 40. Bc3 g3 41. Bh3 1/2-1/2

[Event "GER CM04-C email"]
[Site "GER email"]
[Date "2017.06.26"]
[Round "?"]
[White "Geissler, Walter"]
[Black "Lipecki, Alexander"]
[Result "0-1"]
[WhiteElo "2348"]
[BlackElo "2341"]
[PlyCount "68"]
[EventDate "2017.??.??"]
[EventType "tourn (corr)"]
[EventRounds "10"]
[EventCountry "GER"]
[SourceTitle "Corr 2020"]
[Source "ChessBase"]
[SourceDate "2019.09.30"]
[SourceVersion "1"]
[SourceVersionDate "2019.09.30"]
[SourceQuality "1"]

1. e4 e5 2. Nf3 Nc6 3. Bb5 Nf6 4. d3 Bc5 5. Bxc6 dxc6 6. h3 Qd6 7. Nbd2 Be6 8. Ng5 0-0-0 9. 0-0 h6 10. Nxe6 Qxe6 11. Qe2 Kb8 12. Nc4 g5 13. a4 Rdg8 14. Kh2 Ne8 15. Rb1 g4 16. h4 Nd6 17. Be3 Nxc4 18. Bxc5 Nd6 19. g3 f5 20. Bxd6 cxd6 21. exf5 Qxf5 22. f3 h5 23. Rf2 a6 24. b3 c5 25. Rbf1 Qc8 26. fxg4 Rxg4 27. Rf6 Qd8 28. Qf3 Ka7 29. Rf2 Rhg8 30. Rg2 R8g7 31. Rf7 Rxf7 32. Rf2 Rxf3 33. Rxf3 d5 34. Kg2 e4 0-1

[Event "GER CM04-C email"]
[Site "GER email"]
[Date "2017.06.26"]
[Round "?"]
[White "Lipecki, Alexander"]
[Black "Emrich, Eiko"]
[Result "1/2-1/2"]
[WhiteElo "2341"]
[BlackElo "2345"]
[PlyCount "42"]
[EventDate "2017.??.??"]
[EventType "tourn (corr)"]
[EventRounds "10"]
[EventCountry "GER"]
[SourceTitle "Corr 2020"]
[Source "ChessBase"]
[SourceDate "2019.09.30"]
[SourceVersion "1"]
[SourceVersionDate "2019.09.30"]
[SourceQuality "1"]

1. d4 d5 2. c4 c6 3. Nf3 Nf6 4. Nc3 e6 5. g3 dxc4 6. Bg2 Nbd7 7. 0-0 b5 8. e4 Bb7 9. e5 Nd5 10. Ng5 Be7 11. Qh5 g6 12. Qh6 Bf8 13. Qh3 Be7 14. Nce4 h6 15. Re1 Kf8 16. Nd6 Bxd6 17. exd6 N7f6 18. Bxd5 cxd5 19. Nxf7 Kxf7 20. Qxe6+ Kf8 21. d7 Kg7 1/2-1/2

[Event "GER CM04-C email"]
[Site "GER email"]
[Date "2017.06.26"]
[Round "?"]
[White "Lipecki, Alexander"]
[Black "Zajsek, Franc"]
[Result "1/2-1/2"]
[WhiteElo "2341"]
[BlackElo "2342"]
[PlyCount "53"]
[EventDate "2017.??.??"]
[EventType "tourn (corr)"]
[EventRounds "10"]
[EventCountry "GER"]
[SourceTitle "Corr 2020"]
[Source "ChessBase"]
[SourceDate "2019.09.30"]
[SourceVersion "1"]
[SourceVersionDate "2019.09.30"]
[SourceQuality "1"]

1. d4 d5 2. c4 c6 3. Nf3 Nf6 4. Nc3 e6 5. g3 dxc4 6. Bg2 Nbd7 7. 0-0 b5 8. e4 Bb7 9. e5 Nd5 10. Ng5 Be7 11. Qh5 g6 12. Qh6 Bf8 13. Qh3 Be7 14. Nce4 h6 15. Re1 Kf8 16. Nd6 Bxd6 17. exd6 N7f6 18. Bxd5 cxd5 19. Nxf7 Kxf7 20. Qxe6+ Kf8 21. d7 a5 22. Bf4 Kg7 23. Bc7 Qxd7 24. Qxd7+ Nxd7 25. Re7+ Kg8 26. Rxd7 Rh7 27. Rxh7 1/2-1/2

[Event "GER CM04-C email"]
[Site "GER email"]
[Date "2017.06.26"]
[Round "?"]
[White "Smirnovs, Aleksandrs"]
[Black "Lipecki, Alexander"]
[Result "1/2-1/2"]
[WhiteElo "2371"]
[BlackElo "2341"]
[PlyCount "56"]
[EventDate "2017.??.??"]
[EventType "tourn (corr)"]
[EventRounds "10"]
[EventCountry "GER"]
[SourceTitle "Corr 2020"]
[Source "ChessBase"]
[SourceDate "2019.09.30"]
[SourceVersion "1"]
[SourceVersionDate "2019.09.30"]
[SourceQuality "1"]

1. e4 e5 2. Nf3 Nc6 3. Bb5 Nf6 4. d3 Bc5 5. c3 0-0 6. 0-0 Re8 7. Bg5 a6 8. Ba4 h6 9. Bh4 Ba7 10. Re1 b5 11. Bb3 d6 12. a4 g5 13. Bg3 b4 14. a5 Rb8 15. Nbd2 Ne7 16. d4 Ng6 17. h3 Kg7 18. Ba4 bxc3 19. bxc3 Bd7 20. Bxd7 Qxd7 21. Qc2 Rb5 22. Nf1 Kg8 23. c4 Rb4 24. Ne3 exd4 25. Nf5 Kh7 26. Qc1 Nxe4 27. Rxe4 Rxe4 28. Nxg5+ hxg5 1/2-1/2